MARC

LEADER 00000nam0a2200000 4500
001 13030
005 20231030184739.0
010 |a 5891760606 
035 |a (RuTPU)RU\TPU\book\13111 
035 |a BOOK00013179 
090 |a 13030 
100 |a 20011209d1999 k y0rusy50 ca 
101 0 |a rus 
102 |a RU 
105 |a a z 000zy 
200 1 |a Компьютерное геоэкологическое картографирование  |f В. Т. Жуков, Б. А. Новаковский, А. Н. Чумаченко 
210 |a Москва  |c Научный мир  |d 1999 
215 |a 128 с. 
610 1 |a геология 
610 1 |a геоэкология 
610 1 |a картографирование 
610 1 |a геологическое картографирование компьютерное 
675 |a 550.8:528  |v 3 
700 1 |a Жуков  |b В. Т. 
701 1 |a Новаковский  |b Б. А. 
701 1 |a Чумаченко  |b А. Н. 
801 0 |a RU  |b 63413507  |c 20011209  |g PSBO 
801 2 |a RU  |b 63413507  |c 20100311  |g PSBO 
942 |c BK